000 01187nam a22002537a 4500
003 NALT
005 20251208102300.0
008 s2558 th tha d
020 _a9786163330536
040 _aNALT
041 _atha
050 _a
090 _aKE 152
_bศ365น 2558
110 2 _aสำนักงานศาลปกครอง.
_96927
245 1 0 _aแนวทางการปฏิบัติราชการจากคำวินิจฉัยของศาลปกครองสูงสุด ประจำปี พ.ศ. 2557 /
_cสำนักงานศาลปกครอง.
260 _aกรุงเทพฯ :
_bสำนักงานศาลปกครอง,
_c2558.
300 _a66 หน้า ;
_b
_c26 ซม.
610 2 4 _aสำนักงานศาลปกครอง
_xคำวินิจฉัย
_918348
650 4 _aการกระทำในทางปกครอง
_926106
_xการพิจารณาและตัดสินคดี
653 4 _aคดีปกครอง
850 _aNALT
856 4 0 _uhttps://hdl.handle.net/20.500.14156/500412
942 _cLB
_2local
999 _c74391
_d74391
998 _j104
_k นางสาวสายฝน ดีงาม